Estádios da CONMEBOL Libertadores da América - Statistics

Estatísticas Gerais
  • Esse quiz foi jogado 66 vezes
    51 desde o último reset
  • A pontuação média é 11 de 38
Estatísticas das Respostas
Imagem Hint Resposta % Correto
Boca Juniors (ARG) La Bombonera
96%
Palmeiras (BRA) Allianz Parque
91%
Flamengo (BRA) & Fluminense (BRA) Maracanã
91%
Corinthians (BRA) Neo Química Arena
91%
Athletico Paranaense (BRA) Arena da Baixada
87%
Atlético Mineiro (BRA) Mineirão
87%
Fortaleza (BRA) Arena Castelão
85%
América Mineiro (BRA) Independência
85%
River Plate (ARG) Estadio Monumental de Núñez
72%
Red Bull Bragantino (BRA) Estádio Nabi Abi Chedid
65%
Montevideo City Torque (URY) Estadio Centenario
39%
Guaraní (PRY) & Libertad (PRY) & Olimpia (PRY) Estádio Defensores del Chaco
35%
Atlético Nacional (COL) Estadio Atanasio Girardot
26%
Peñarol (URY) Estadio Campeón del Siglo
24%
Always Ready (BOL) & Bolívar (BOL) & The Strongest (BOL) Estadio Hernando Siles
24%
Vélez Sarsfield (ARG) Estadio José Amalfitani
20%
Talleres (ARG) Estadio Mario Alberto Kempes
20%
Nacional (URY) Estadio Gran Parque Central
15%
Millonarios (COL) Estadio El Campín
13%
Cerro Porteño (PRY) Estadio General Pablo Rojas
11%
Estudiantes de La Plata (ARG) Estadio Jorge Luis Hirschi
11%
Barcelona de Guayaquil (ECU) Estadio Monumental Isidro Romero Carbo
9%
Colo-Colo (CHL) Estadio Monumental David Arellano
7%
Cólon (ARG) Estadio Brigadier General Estanislao López
4%
Deportivo Cali (COL) Estadio Deportivo Cali
4%
Emelec (ECU) Estadio George Capwell
4%
Universidad Católica (CHL) Estadio San Carlos de Apoquindo
4%
Universidad Católica (ECU) Estadio Olímpico Atahualpa
2%
Caracas (VEN) Estadio Olímpico de la Universidad Central de Venezuela
2%
Independiente Petrolero (BOL) Estadio Olímpico Pátria
2%
Deportivo Lara (VEN) Estadio Agustín Tovar
0%
Independiente del Valle (ECU) Estadio Banco Guayaquil
0%
Audax Italiano (CHL) Estadio El Teniente
0%
Deportes Tolima (COL) Estadio Manuel Murillo Toro
0%
Monagas (VEN) Estadio Monumental de Maturín
0%
Alianza Lima (PER) & Sporting Cristal (PER) & Universidad César Vallejo (PER) & Universitario (PER) Estadio Nacional del Perú
0%
Deportivo Táchira (VEN) Estadio Polideportivo de Pueblo Novo
0%
Everton (CHL) Estadio Sausalito
0%
Nenhum quiz correspondente encontrado
Distribuição das Pontuações
Porcentagem de Pessoas com Cada Pontuação
Percentil de Números Respondidos
Sua Pontuação Histórica
Você não jogou esse quiz desde o último reset